| 000 | 00696nam a2200217Ia 4500 | ||
|---|---|---|---|
| 003 | GCL | ||
| 008 | 140319s9999 xx 000 0 ara d | ||
| 040 |
_aGCL / _cGCL |
||
| 082 | 0 | 4 |
_a301.2 _bب ا |
| 100 | 1 | _aمحمد السيد غلاب | |
| 245 | 1 | 0 |
_aالازمنة والامكنه : الجزء العاشر من دهاليز الزمن / _cمحمد السيد غلاب |
| 700 | 1 | _aبيك، هارولد | |
| 700 | 1 | _aجون فلير، هربرت | |
| 700 | 1 | _aابراهيم احمد | |
| 300 | _a450 | ||
| 490 |
_aالالف كتاب _v0 |
||
| 650 | 0 | 4 | _aالحضارة القديمة |
| 650 | 0 | 4 | _aالحياة البدائية |
| 650 | 0 | 4 | _aاصل الحياة |
| 942 |
_2ddc _cBK |
||
| 999 |
_c42955 _d42955 |
||